Statistiche per Paesi buddisti

Clicka qui per fare il quiz!

Statistiche generali

  • Questo quiz è stato fatto 1.162 volte
  • Il punteggio medio è 11 su 14

Statistiche sulle risposte

%Paese% Corretto
18.2Cina
96%
36.2Giappone
91%
16.4Vietnam
89%
66.0Laos
88%
93.2Thailandia
86%
96.9Cambogia
83%
80.1Birmania
81%
55.1Mongolia
80%
22.9Corea del Sud
76%
74.7Bhutan
74%
21.3Taiwan
73%
69.3Sri Lanka
72%
33.9Singapore
72%
17.7Malesia
72%

Distribuzione punteggi

Percentile per numero di risposta

Percentuale di utenti per punteggio

I tuoi punteggi nel tempo

Non hai fatto questo quiz